| 000 | 00680nam a22002417a 4500 | ||
|---|---|---|---|
| 003 | NALT | ||
| 005 | 20211129121418.0 | ||
| 008 | s1987 cau eng d | ||
| 020 | _a087436406X | ||
| 040 | _aNALT | ||
| 041 | _aeng | ||
| 090 | _aR KA 17.I57 B53I 1987 | ||
| 100 | 0 |
_aBledsoe, Robert L. _96243 |
|
| 245 | 1 | 4 |
_aThe international law dictionary / _cRobert L. Bledsoe, Boleslaw A. Boczek |
| 260 | 3 |
_aSanta Barbara : _bABC-CLIO, _c1987 |
|
| 300 |
_a422 p. ; _c24 cm. |
||
| 650 | 0 |
_95443 _aInternational law _xDictionaries |
|
| 650 | 0 |
_94830 _aLaw _xDictionaries |
|
| 700 | 1 |
_aBoczek, Boleslaw A. _96244 |
|
| 850 | _aNALT | ||
| 942 |
_cREF _2local |
||
| 998 |
_cDAO _j1020 _k จำเรียง ระวังสำโรง |
||
| 999 |
_c20590 _d20590 |
||